Patrónka Slovenska

Bibliographic Details
Main Author: Štubňa-Zámostský, Dominik, 1905-1970 (Author)
Other Authors: Papík, Matej (Illustrator)
Format: Book
Language:Slovak
PhysicalDescription:58, [5] s. ilustrácie 24 cm
Published: Trnava Spolok sv. Vojtecha 1948
Subjects:

MARC

LEADER 00000cam a2200000 a 4500
001 vtls008401596
003 SK-MaSNL
005 20260301123620.0
008 230403s1948 xo a g 000 p slo
015 |a SNBA19451955-012325 
035 |a SK01SNKBKSFS20020093813 
035 |a urn:nbn:sk:snk-am3hm62 
035 |a CDD24393-7940-40B5-9568-869C19B64820 
035 |a urn:nbn:sk:snk-am00d590 
035 |a SKM000096276 
040 |a SNK  |b slo  |c SNK  |e AACR2 
041 0 |a slo 
044 |a xo  |c SK 
080 |a 885.4-1  |2 1981 
100 1 |a Štubňa-Zámostský, Dominik,  |d 1905-1970  |4 aut  |9 114023 
245 1 0 |a Patrónka Slovenska  |c D[ominik] Štubňa-Zámostský ; ilustroval Matej Papík 
260 |a Trnava  |b Spolok sv. Vojtecha  |c 1948  |e Trnava  |f Spolok Sv. Vojtecha 
300 |a 58, [5] s.  |b ilustrácie  |c 24 cm 
655 7 |a slovenská poézia  |2 SNKPH  |9 70444 
700 1 |a Papík, Matej  |4 ill  |9 335714 
852 |a Slovenská národná knižnica 
954 |a beletria pôvodná (slovenská)  |2 lita 
958 |a EUIPO 
958 |a OND 
958 |a RK 
958 |a TL 
958 |a LX 
999 |c 736892  |d 738822 
952 |a SNK  |b SNK  |y PREZ  |7 0  |p 17A0745683  |o snkSC 3984  |i snk6147/48  |0 0  |1 0  |4 0  |d 2011-12-02  |f 1  |l 0  |r 2025-06-25 00:00:00  |w 2026-02-23 
952 |a SNK  |b SNK  |y VYP  |7 0  |p 17A0178432  |o snkSC 3984 D1  |i snkKSF 2850/57  |8 5  |0 0  |1 0  |4 0  |d 1999-01-25  |l 0  |r 2005-01-02 00:00:00  |w 2026-02-23